| LEADER 01174nam 2200277 a 4500 |
| 001 12334107255 |
| 003 ULIB |
| 008 030417s2551 th a sb 001 0 tha |
| 020 ^a9747517906
|
| 060 4 ^aWB105^bว896ส 2551
|
| 245 00 ^aเวชศาสตร์ฉุกเฉิน /^cบรรณาธิการ สุทธชาติ พีชผล ... [และคนอื่นๆ
|
| 250 ^aพิมพ์ครั้งที่ 8
|
| 260 ^aกรุงเทพฯ :^bโครงการตำรา-วพม. วิทยาลัยแพทยศาสตร์พระมงกุฎเกล้า,^c2551
|
| 300 ^a1322 หน้า :^bภาพประกอบ
|
| 520 ^aหนังสือเล่มนี้เสนอเนื้อหาการดูแลรักษาผู้ป่วยภาวะฉุกเฉิน อาทิเช่น การช่วยฟื้นคืนชีวิตจากหัวใจหยุดเต้น การช่วยชีวิตเด็กขั้นสูง เส็พติกช็อค ภาวะปวดท้องในเด็ก ท้องเสียในเด็ก ฯลฯ
|
| 650 7 ^aเวชศาสตร์ฉุกเฉิน
|
| 650 7 ^aภาวะฉุกเฉิน
|
| 700 0 ^aสุทธชาติ พีชผล,^eบรรณาธิการ
|
| 913 ^aImported by ULIBM Administrator
|
| 949 ^aImport form external file by ULIBM system
|
| 999 ^aสุณิสา
|